[Event "Challenge"]
[Site "http://www.queenalice.com/game.php?id=1091413"]
[Date "2012.8.8"]
[Round "-"]
[White "Bloxham77"]
[Black "oldfool"]
[Result "1-0"]
[WhiteElo "1417"]
[BlackElo "1559"]

1. e4 e5 2. Nf3 Nf6 3. Nc3 d6 4. Bc4 Qd7 5. O-O Be7 6. b4 O-O 7. a4 Qc6 8. Bd5
Nxd5 9. Nxd5 Re8 10. b5 Qb6 11. Nxb6 1-0

[Event "Challenge"]
[Site "http://www.queenalice.com/game.php?id=1130405"]
[Date "2012.12.11"]
[Round "-"]
[White "Racey"]
[Black "Bloxham77"]
[Result "0-1"]
[WhiteElo "1437"]
[BlackElo "1460"]

1. e4 e5 2. Qh5 d6 3. Bb5+ Bd7 4. Bc4 g6 5. Qf3 Be6 6. Bd3 Nf6 7. c4 Bg7 8. b4
O-O 9. b5 c6 10. a4 c5 11. a5 b6 12. a6 Nh5 13. g4 Nf4 14. h4 Nxd3+ 15. Qxd3
Bxg4 16. Qg3 Qd7 17. f4 exf4 18. Qa3 Bxa1 19. Qxa1 f5 20. exf5 Qe7+ 21. Kf2 Re8
22. d4 Qe1+ 23. Kg2 Qxc1 24. f6 Re3 25. d5 Rg3+ 26. Kf2 Qc2+ 27. Ke1 Qg2 28. Nd2
Qxh1 29. Nf1 Rxg1 30. Kf2 Qg2+ 31. Ke1 Rxf1# 0-1

[Event "Challenge"]
[Site "http://www.queenalice.com/game.php?id=1183016"]
[Date "2013.5.20"]
[Round "-"]
[White "Rogerio11"]
[Black "Bloxham77"]
[Result "0-1"]
[WhiteElo "1342"]
[BlackElo "1461"]

1. e4 d5 2. d3 dxe4 3. f3 exf3 4. gxf3 Nf6 5. c4 g6 6. Nc3 Bg7 7. d4 O-O 8. d5
e6 9. Ne4 exd5 10. Bg5 dxe4 11. fxe4 Qxd1+ 12. Rxd1 Nxe4 13. Bf4 Re8 14. Bxc7
Nc3+ 15. Ne2 Nxd1 16. Kxd1 Na6 17. a4 Nxc7 18. Bg2 Bg4 19. Bxb7 Rab8 20. Bc6
Rxe2 21. h3 Re6+ 22. Kc2 Rxc6 23. hxg4 Rxc4+ 24. Kb1 Rxb2+ 25. Ka1 Rh2+ 0-1

[Event "Challenge"]
[Site "http://www.queenalice.com/game.php?id=1183615"]
[Date "2013.5.22"]
[Round "-"]
[White "Rogerio11"]
[Black "Bloxham77"]
[Result "0-1"]
[WhiteElo "1341"]
[BlackElo "1498"]

1. e4 e5 2. Bc4 b6 3. Qf3 Nf6 4. c3 Ba6 5. d4 d6 6. dxe5 dxe5 7. b3 Bxc4 8. bxc4
g6 9. Ne2 Bg7 10. Bf4 exf4 11. Nxf4 Ng4 12. Qxg4 O-O 13. O-O Nc6 14. Na3 Bxc3
15. Rac1 Ne5 16. Qe2 Bb4 17. Qb2 Bc5 18. Qxe5 Bxa3 19. Rcd1 Qc8 20. Rd3 Bd6 21.
Qf6 Bxf4 22. Qxf4 c5 23. h4 f5 24. exf5 Rxf5 25. Qd6 Kg7 26. g4 Rf7 27. h5 Qxg4+
28. Kh2 Qxh5+ 29. Kg2 Qg4+ 30. Kh2 Qe2 31. Rg1 Rxf2+ 32. Kh3 Rf3+ 33. Kh4 Rxd3
34. Rg4 Rxd6 35. a4 Rd4 0-1

[Event "Challenge"]
[Site "http://www.queenalice.com/game.php?id=1184352"]
[Date "2013.5.24"]
[Round "-"]
[White "Bloxham77"]
[Black "Vivianna"]
[Result "1-0"]
[WhiteElo "1508"]
[BlackElo "1376"]

1. d4 d5 2. e3 e6 3. Nf3 Nf6 4. g3 Nc6 5. Nc3 Bd6 6. Bg2 h6 7. O-O Bb4 8. Qd3
Bxc3 9. bxc3 Qd6 10. c4 dxc4 11. Qxc4 O-O 12. Bb2 Ne4 13. Qd3 Ng5 14. Ba3 Qd7
15. Bxf8 Kxf8 16. Nxg5 hxg5 17. Qh7 Qd8 18. Qh8+ Ke7 19. Qxg7 Nb4 20. Qxg5+ Kd7
21. Qb5+ c6 22. Qxb4 b6 23. Qc3 Bb7 24. Rad1 Kc7 25. d5 exd5 26. e4 Kb8 27. exd5
c5 28. d6 Bc6 29. Bxc6 a5 30. Bxa8 Kxa8 31. d7 Kb8 32. Qe5+ Kb7 33. Qe8 Qxe8 34.
dxe8=Q b5 35. Rd6 b4 36. Qe7+ Kc8 37. Rd8# 1-0

[Event "mesa 43"]
[Site "http://www.queenalice.com/game.php?id=1186160"]
[Date "2013.5.30"]
[Round "-"]
[White "Herbert_Paulo"]
[Black "Bloxham77"]
[Result "0-1"]
[WhiteElo "1358"]
[BlackElo "1487"]

1. e4 d5 2. exd5 Qxd5 3. Nc3 Qa5 4. d3 Nf6 5. Bd2 c6 6. Nf3 g6 7. Be2 Bg7 8. O-O
O-O 9. Ne4 Qc7 10. Qc1 Nbd7 11. Bc3 Nxe4 0-1

[Event "Challenge"]
[Site "http://www.queenalice.com/game.php?id=1188465"]
[Date "2013.6.6"]
[Round "-"]
[White "Bloxham77"]
[Black "jamesxirb"]
[Result "0-1"]
[WhiteElo "1479"]
[BlackElo "1413"]

1. e4 e5 2. Nf3 d5 3. c3 Nf6 4. Qa4+ Bd7 5. Bb5 c6 6. Bd3 b5 7. Qb3 dxe4 8. Ng5
Qe7 9. Bxe4 Nxe4 10. Nxe4 Be6 11. Qc2 f5 12. Ng3 e4 13. Ne2 Bc4 14. Nd4 Qe5 15.
b3 Bd3 16. Qd1 a6 17. Ne2 g6 18. O-O c5 19. Re1 f4 20. Nxf4 Qxf4 21. c4 b4 22.
a3 Nc6 23. f3 O-O-O 24. fxe4 Bd6 25. Qf3 Qxh2+ 0-1

[Event "Challenge"]
[Site "http://www.queenalice.com/game.php?id=1188479"]
[Date "2013.6.6"]
[Round "-"]
[White "Bloxham77"]
[Black "Ralfostarr"]
[Result "1-0"]
[WhiteElo "1460"]
[BlackElo "1540"]

1. e4 e5 2. Nf3 Nc6 3. c3 g5 4. d4 exd4 5. Nxd4 Nxd4 6. Qxd4 Nf6 7. Bxg5 Bg7 8.
e5 O-O 9. exf6 Bxf6 10. Bxf6 Qe8+ 11. Be2 Qe6 12. Qh4 Re8 13. Qg5+ Kf8 14. Qg7#
1-0

[Event "Challenge"]
[Site "http://www.queenalice.com/game.php?id=1188480"]
[Date "2013.6.6"]
[Round "-"]
[White "Bloxham77"]
[Black "vangogh"]
[Result "1/2-1/2"]
[WhiteElo "1479"]
[BlackElo "1474"]

1. e4 e5 2. Nf3 Nc6 3. c3 Nf6 4. d4 exd4 5. e5 Ne4 6. Qe2 d5 7. exd6 Qxd6 8.
Qxe4+ Be7 9. Bd3 Bf5 10. Qe2 g6 11. O-O O-O 12. Bxf5 gxf5 13. g3 Rfe8 14. Bf4
Qd7 15. cxd4 Nxd4 16. Nxd4 Qxd4 17. Be3 Qe4 18. Nc3 Qg4 19. Nd5 Rac8 20. Qxg4+
fxg4 21. Bxa7 Kf8 22. f4 Red8 23. Nxe7 Kxe7 24. Bc5+ Kf6 25. a4 1/2-1/2

[Event "Challenge"]
[Site "http://www.queenalice.com/game.php?id=1190065"]
[Date "2013.6.11"]
[Round "-"]
[White "Bloxham77"]
[Black "Piotrek"]
[Result "0-1"]
[WhiteElo "1475"]
[BlackElo "1532"]

1. e4 e5 2. c3 c5 3. d4 Nf6 4. Be3 cxd4 5. cxd4 Nxe4 6. dxe5 Qa5+ 7. Bd2 Nxd2 8.
Nxd2 Qxe5+ 9. Ne2 Qxb2 10. Nf4 Bb4 11. Nd5 Bxd2+ 12. Qxd2 Qxa1+ 13. Qd1 Qxd1+
14. Kxd1 O-O 15. Nc7 b6 16. Nxa8 Bb7 17. Nc7 Rc8 18. Bb5 Rxc7 19. Re1 Rc8 0-1

[Event "AUTO-INT-2661"]
[Site "http://www.queenalice.com/game.php?id=1192111"]
[Date "2013.6.18"]
[Round "1"]
[White "sioux"]
[Black "Bloxham77"]
[Result "1/2-1/2"]
[WhiteElo "1533"]
[BlackElo "1513"]

1. e4 d5 2. exd5 Qxd5 3. Nc3 Qa5 4. Nf3 c6 5. d3 e6 6. Qd2 Nf6 7. Be2 Bb4 8. a3
Bxc3 9. Qxc3 Qxc3+ 10. bxc3 O-O 11. O-O c5 12. c4 b6 13. a4 Nc6 14. Bg5 Ng4 15.
h3 Nge5 16. Nxe5 Nxe5 17. Bf4 f6 18. Bxe5 fxe5 19. Bf3 Rb8 20. Rfe1 Rf4 21. Rxe5
Bd7 22. a5 Rf5 23. Rxf5 exf5 24. axb6 axb6 25. Ra6 f4 1/2-1/2

[Event "AUTO-INT-2661"]
[Site "http://www.queenalice.com/game.php?id=1192112"]
[Date "2013.6.18"]
[Round "1"]
[White "Bloxham77"]
[Black "sioux"]
[Result "0-1"]
[WhiteElo "1548"]
[BlackElo "1513"]

1. d4 d5 2. e3 Nf6 3. c4 dxc4 4. Bxc4 Bg4 5. Nf3 h6 6. h3 Bd7 7. O-O a6 8. Nc3
b5 9. Bb3 b4 10. Na4 e6 11. d5 Bd6 12. dxe6 Bxe6 13. Bxe6 fxe6 14. a3 bxa3 15.
bxa3 O-O 16. Nc3 Nc6 17. e4 Be5 18. Qe1 Na5 19. Nxe5 Nb3 20. Rb1 Nxc1 21. Rxc1
Qd4 22. Nf3 Qd7 0-1

[Event "AUTO-INT-2661"]
[Site "http://www.queenalice.com/game.php?id=1192125"]
[Date "2013.6.18"]
[Round "1"]
[White "marreta7"]
[Black "Bloxham77"]
[Result "1-0"]
[WhiteElo "1495"]
[BlackElo "1531"]

1. e4 d5 2. e5 e6 3. d4 Ne7 4. Nf3 g6 5. Nc3 Bg7 6. Bd3 O-O 7. O-O Nbc6 8. a3
Nf5 9. Bxf5 exf5 10. Bg5 f6 11. exf6 Bxf6 12. Bxf6 Qxf6 13. Re1 f4 14. Nxd5 Qd6
15. Nc3 Bg4 16. d5 Bxf3 17. Qxf3 Nd4 18. Qd1 Nf5 19. a4 Rae8 20. h3 Rxe1+ 21.
Qxe1 Nh4 22. Qe6+ Qxe6 23. dxe6 Re8 24. Nd5 Rxe6 25. Nxc7 Rc6 26. Nd5 f3 27.
Ne7+ Kg7 28. Nxc6 bxc6 29. gxf3 Nxf3+ 30. Kh1 h5 31. b4 Nd4 32. c4 Kh6 33. Kg2
Kg5 34. Rd1 Ne2 35. b5 cxb5 36. axb5 1-0

[Event "AUTO-INT-2661"]
[Site "http://www.queenalice.com/game.php?id=1192126"]
[Date "2013.6.18"]
[Round "1"]
[White "Bloxham77"]
[Black "marreta7"]
[Result "1-0"]
[WhiteElo "1514"]
[BlackElo "1496"]

1. d4 d5 2. e3 Bf5 3. Bd3 Bd7 4. c4 dxc4 5. Bxc4 Nf6 6. Nf3 h6 7. O-O e6 8. Nc3
a6 9. Ne5 Bb4 10. d5 Bxc3 11. bxc3 b5 12. dxe6 bxc4 13. Nxf7 Qe7 14. exd7+ Nbxd7
15. Nxh8 c5 16. Ng6 Qf7 17. Nf4 g5 18. Ne2 a5 19. Ng3 a4 20. Ba3 g4 21. f3 gxf3
22. Qxf3 Rd8 23. Ne4 Ke7 24. Nxc5 Ne5 25. Ne4+ Ke6 26. Qxf6+ Qxf6 27. Nxf6 Rd3
28. Rfe1 Kxf6 29. Bb4 h5 30. Rad1 Rxd1 31. Rxd1 Kf5 32. Rd4 Nd3 33. Rxc4 Nxb4
34. Rxb4 a3 35. Rd4 Ke5 36. c4 h4 37. c5 Kf5 38. c6 Ke5 39. c7 Kf5 40. c8=Q+ Kg5
41. Qc5+ Kf6 42. Rd6+ Ke7 43. Qc7+ Ke8 44. Rd8# 1-0

[Event "AUTO-INT-2661"]
[Site "http://www.queenalice.com/game.php?id=1192133"]
[Date "2013.6.18"]
[Round "1"]
[White "Antoniel_Barbosa"]
[Black "Bloxham77"]
[Result "1-0"]
[WhiteElo "1869"]
[BlackElo "1515"]

1. e4 e5 2. d4 d5 3. dxe5 Be6 4. exd5 Qxd5 5. Qxd5 Bxd5 6. Nc3 c6 7. Bg5 h6 8.
Nxd5 cxd5 9. O-O-O hxg5 10. Rxd5 Ne7 11. Bb5+ Nbc6 12. Rd2 g6 13. g4 Bh6 14. Nf3
O-O 15. Rd7 Rab8 16. Bxc6 bxc6 17. Rxe7 a5 18. Rd1 Rfe8 19. Rdd7 1-0

[Event "AUTO-INT-2661"]
[Site "http://www.queenalice.com/game.php?id=1192134"]
[Date "2013.6.18"]
[Round "1"]
[White "Bloxham77"]
[Black "Antoniel_Barbosa"]
[Result "0-1"]
[WhiteElo "1519"]
[BlackElo "1808"]

1. d4 d5 2. e3 e6 3. Nf3 Nf6 4. c4 Be7 5. Nc3 O-O 6. Bd3 dxc4 7. Bxc4 c5 8. O-O
cxd4 9. Qxd4 Qc7 10. e4 Rd8 11. Nb5 Qa5 12. Qe3 Nc6 13. Nc3 Ng4 14. Qe2 Qc7 15.
Bb3 Nd4 0-1

[Event "Challenge"]
[Site "http://www.queenalice.com/game.php?id=1197260"]
[Date "2013.7.5"]
[Round "-"]
[White "jamesxirb"]
[Black "Bloxham77"]
[Result "0-1"]
[WhiteElo "1598"]
[BlackElo "1529"]

1. e4 d5 2. e5 e6 3. d4 g6 4. f4 c5 5. c3 f6 6. Be3 fxe5 7. fxe5 cxd4 8. Bxd4
Nc6 9. g4 Bg7 10. Qa4 Bd7 11. Nf3 Nxe5 12. Qb3 Nxf3+ 13. Ke2 Nxd4+ 14. cxd4 Bxd4
15. Nd2 Ne7 16. Qxb7 O-O 17. Qb3 a5 18. Nf3 Bg7 19. h4 Bc6 20. h5 d4 21. Qxe6+
Rf7 22. Ne5 Bxe5 23. Qxe5 Bxh1 24. Rd1 Bf3+ 25. Ke1 Bxd1 26. Bc4 Bc2 27. h6 Qf8
28. Qe6 Re8 29. Bd3 Nd5 30. g5 Rxe6+ 31. Kd2 Bxd3 32. Kxd3 Qb4 33. Kc2 Rf3 34.
a3 Re2+ 35. Kb1 Qxb2# 0-1

[Event "Challenge"]
[Site "http://www.queenalice.com/game.php?id=1197261"]
[Date "2013.7.5"]
[Round "-"]
[White "Bloxham77"]
[Black "jamesxirb"]
[Result "1-0"]
[WhiteElo "1514"]
[BlackElo "1555"]

1. d4 d5 2. e3 Nc6 3. Nf3 f6 4. c4 e5 5. cxd5 e4 6. Nfd2 Nce7 7. Nxe4 Nxd5 8.
Bd3 f5 9. Ng3 Ngf6 10. Bxf5 Bxf5 11. Nxf5 g6 12. Ng3 c5 13. O-O b5 14. dxc5 Bxc5
15. Nc3 O-O 16. Nxb5 Qe7 17. Re1 Rad8 18. Qb3 a6 19. Nc3 Rb8 20. Qc4 Qd6 21. e4
Qb6 22. Qe2 Rbe8 23. Be3 Nxc3 24. bxc3 Nxe4 25. Qc4+ Kg7 26. Nxe4 Rf5 27. Bxc5
Rxc5 28. Nxc5 Rxe1+ 29. Rxe1 a5 30. Qd4+ Kh6 31. h3 Qb2 32. Ne6 Qxa2 33. Qh4#
1-0

[Event "Challenge"]
[Site "http://www.queenalice.com/game.php?id=1218646"]
[Date "2013.9.21"]
[Round "-"]
[White "Bloxham77"]
[Black "jamesxirb"]
[Result "1-0"]
[WhiteElo "1547"]
[BlackElo "1468"]

1. d4 d5 2. e3 c6 3. Nf3 Qd6 4. Nc3 Bg4 5. h3 Bxf3 6. Qxf3 f6 7. Bd3 e5 8. dxe5
Qxe5 9. O-O Bd6 10. g3 Nd7 11. e4 d4 12. Ne2 Nc5 13. Bf4 Qe6 14. Bxd6 Qxd6 15.
Qf4 Rd8 16. Qxd6 Rxd6 17. Nf4 g5 18. Nh5 Nxd3 19. cxd3 Rd7 20. a4 Nh6 21. a5 O-O
22. b4 g4 23. h4 Re7 24. Nf4 Rfe8 25. Rac1 f5 26. exf5 Nxf5 27. Rc5 a6 28. Rxf5
Kg7 29. Rg5+ Kf8 30. Rxg4 Re1 31. Ng2 Rxf1+ 32. Kxf1 Kf7 33. Rxd4 Kf6 34. Rd7 b5
35. Rxh7 Rd8 36. Rh6+ Kg7 37. Rxc6 Rxd3 38. Rxa6 Rd1+ 39. Ne1 Rb1 40. Ra7+ Kf6
41. Rb7 Rxb4 42. a6 Ra4 43. a7 b4 44. Nd3 b3 45. Nc5 Rxa7 46. Rxa7 b2 47. Rb7
b1=N 48. Rxb1 Kg6 49. Rb4 Kh5 50. Rf4 Kg6 51. Ne6 Kh5 52. f3 Kg6 53. Kg2 Kh6 54.
Rg4 Kh5 55. Kh3 Kh6 56. f4 Kh5 57. f5 Kh6 58. f6 Kh7 59. f7 Kh8 60. f8=Q+ Kh7
61. Qg7# 1-0

[Event "Challenge"]
[Site "http://www.queenalice.com/game.php?id=1219387"]
[Date "2013.9.24"]
[Round "-"]
[White "Bloxham77"]
[Black "jamesxirb"]
[Result "1-0"]
[WhiteElo "1532"]
[BlackElo "1511"]

1. d4 d5 2. e3 c6 3. Nf3 Qd6 4. g3 Bg4 5. Bg2 c5 6. O-O e6 7. Nc3 a6 8. dxc5
Qxc5 9. Qd4 Nc6 10. Qxg4 f5 11. Qf4 Bd6 12. Qg5 g6 13. g4 Be7 14. Qf4 e5 15. Qa4
e4 16. Ne5 Rc8 17. Nxc6 Rxc6 18. gxf5 b5 19. Qd4 Qd6 20. Qxh8 Kf8 21. Qxh7 g5
22. Bd2 d4 23. Nxe4 Qd7 24. Nxg5 Rf6 25. Ne6+ Rxe6 26. fxe6 Qxe6 27. exd4 Qf6
28. Be3 Qe6 29. Rfe1 Nf6 30. Bh6+ Ke8 31. Rxe6 Nxh7 32. Rae1 Kf7 33. Rxe7+ Kg8
34. Bd5+ Kh8 35. Bg7# 1-0